[Event "COL-ch School U15"]
[Site "Ibague"]
[Date "2014.11.21"]
[Round "3.6"]
[White "Herrera C, Carlos Stiven"]
[Black "Ruiz Riano, Michael Esteban"]
[Result "1-0"]
[WhiteElo "1472"]
[BlackElo "1680"]
[PlyCount "83"]
[EventDate "2014.11.20"]
[EventType "swiss"]
[EventRounds "6"]
[EventCountry "COL"]
[SourceTitle "EXT 2024"]
[Source "ChessBase"]
[SourceDate "2023.10.10"]
[SourceVersion "1"]
[SourceVersionDate "2023.10.10"]
[SourceQuality "1"]

1. e4 c6 2. d4 d5 3. Nc3 dxe4 4. Nxe4 Bf5 5. Ng3 Bg6 6. Nf3 h6 7. Bc4 Nf6 8. Be3 e6 9. Qd2 Bd6 10. 0-0 Bxg3 11. fxg3 Nbd7 12. Bd3 Bxd3 13. Qxd3 0-0 14. Rad1 Re8 15. c3 Nd5 16. Bf4 Nxf4 17. gxf4 Nf6 18. Ne5 Qc7 19. c4 Rad8 20. Qf3 c5 21. d5 exd5 22. cxd5 b6 23. Rd2 Rd6 24. Rfd1 Nh7 25. Nc4 Rdd8 26. d6 Qb8 27. d7 Re7 28. Ne5 Rxe5 29. fxe5 Qc7 30. Qe3 Nf8 31. Rd6 Rxd7 32. Rxd7 Nxd7 33. e6 Ne5 34. exf7+ Nxf7 35. Qe6 Kf8 36. Rd7 Qf4 37. Qe7+ Kg8 38. Qe8+ Kh7 39. Qxf7 Qc1+ 40. Qf1 Qxb2 41. Qf5+ Kh8 42. Rd8# 1-0

[Event "Bogota Superate Intercol Adv"]
[Site "Bogota"]
[Date "2014.10.24"]
[Round "6.8"]
[White "Perez, Jose Gabriel"]
[Black "Ruiz Riano, Michael Esteban"]
[Result "0-1"]
[WhiteElo "1533"]
[BlackElo "1685"]
[PlyCount "38"]
[EventDate "2014.10.24"]
[EventType "swiss (blitz)"]
[EventRounds "8"]
[EventCountry "COL"]
[SourceTitle "EXT 2024"]
[Source "ChessBase"]
[SourceDate "2023.10.10"]
[SourceVersion "1"]
[SourceVersionDate "2023.10.10"]
[SourceQuality "1"]

1. d4 d5 2. e3 c6 3. Nf3 Bg4 4. Bd3 Nf6 5. h3 Nbd7 6. Nc3 h6 7. Bd2 e6 8. Qe2 c5 9. dxc5 Bxc5 10. Nd1 0-0 11. 0-0 Rc8 12. Rc1 a6 13. a3 b5 14. c3 Bb6 15. e4 dxe4 16. Bxe4 Nxe4 17. Qxe4 Nf6 18. Qe2 Re8 19. Be3 Bc7 0-1

[Event "Bogota Superate Intercol"]
[Site "Bogota"]
[Date "2014.10.23"]
[Round "5.6"]
[White "Arrieta Hernandez, Cristian"]
[Black "Ruiz Riano, Michael Esteban"]
[Result "0-1"]
[WhiteElo "1569"]
[BlackElo "1685"]
[PlyCount "140"]
[EventDate "2014.10.21"]
[EventType "swiss"]
[EventRounds "5"]
[EventCountry "COL"]
[SourceTitle "EXT 2024"]
[Source "ChessBase"]
[SourceDate "2023.10.10"]
[SourceVersion "1"]
[SourceVersionDate "2023.10.10"]
[SourceQuality "1"]

1. e4 c6 2. d4 d5 3. exd5 cxd5 4. Nf3 Bf5 5. Ne5 a6 6. c4 Nc6 7. cxd5 Qxd5 8. Bc4 Qe4+ 9. Be3 e6 10. Nxc6 Qxg2 11. Rf1 Qxc6 12. Nd2 Bb4 13. Rc1 Nf6 14. a4 Bxd2+ 15. Bxd2 Qe4+ 16. Be3 Ng4 17. Rc3 Nxh2 18. Qb3 Nxf1 19. Bxf1 Qd5 20. Qb4 Qd7 21. Bf4 Rc8 22. Bg2 Rxc3 23. bxc3 Qe7 24. Bd6 Qd7 25. Bxb7 f6 26. Bxa6 Kf7 27. Bb5 Qc8 28. a5 Be4 29. a6 h5 30. a7 h4 31. Bf1 h3 32. Bh2 Qa8 33. Qb8 Bg2 34. Qc7+ Kg6 35. Bd3+ Be4 36. Bf1 Bg2 37. Bd3+ Be4 38. Be2 Rc8 39. Qa5 Qd5 40. Qa3 Qb7 41. c4 Bf5 42. Bb8 Qb1+ 43. Bd1 Qe4+ 44. Qe3 Qxe3+ 45. fxe3 Be4 46. Bg4 f5 47. Bxh3 Rxc4 48. Bf1 Ra4 49. Bb5 Ra5 50. Be8+ Kh6 51. Bd7 Bd5 52. Kf2 g5 53. Kg3 Ra3 54. Kf2 Kh5 55. Bb5 Ra2+ 56. Ke1 Kh4 57. Bf1 g4 58. Be5 Rxa7 59. Bf6+ Kg3 60. Be5+ Kf3 61. Kd2 Ra2+ 62. Kc3 Ra3+ 63. Kd2 Rxe3 64. Bg2+ Kf2 65. Bxd5 exd5 66. Bh2 Rh3 67. Bf4 g3 68. Be3+ Kf3 69. Kd3 g2 70. Kd2 Rh1 0-1

[Event "Manizales zt U14 integr Centro"]
[Site "Manizales"]
[Date "2014.05.16"]
[Round "2.2"]
[White "Ruiz Riano, Michael Esteban"]
[Black "Giraldo Aristizabal, Marlon"]
[Result "1/2-1/2"]
[WhiteElo "1679"]
[BlackElo "1583"]
[PlyCount "79"]
[EventDate "2014.05.15"]
[EventType "swiss"]
[EventRounds "6"]
[EventCountry "COL"]
[SourceTitle "EXT 2024"]
[Source "ChessBase"]
[SourceDate "2023.10.10"]
[SourceVersion "1"]
[SourceVersionDate "2023.10.10"]
[SourceQuality "1"]

1. d4 Nf6 2. c4 e6 3. Nc3 Bb4 4. Bd2 d5 5. e3 c5 6. a3 Bxc3 7. Bxc3 cxd4 8. exd4 0-0 9. Nf3 Nc6 10. Be2 Ne4 11. Qc2 Na5 12. Bxa5 Qxa5+ 13. b4 Qc7 14. c5 f5 15. Bd3 Bd7 16. Ne5 Bc6 17. 0-0 Rac8 18. Nxc6 bxc6 19. Bxe4 fxe4 20. Qc3 Qf4 21. Qe3 Qxe3 22. fxe3 Rf5 23. Rf2 Rcf8 24. Raf1 g6 25. h3 a6 26. g4 Rxf2 27. Rxf2 Kg7 28. Rxf8 Kxf8 29. Kf2 Kf7 30. Kg3 Kf6 31. h4 h6 32. a4 e5 33. g5+ hxg5 34. hxg5+ Ke6 35. Kg4 exd4 36. exd4 Kd7 37. Kf4 Kc7 38. a5 Kd7 39. Kg4 Ke6 40. Kf4 1/2-1/2